| 000 | 00635nam a22001937a 4500 | ||
|---|---|---|---|
| 003 | OSt | ||
| 005 | 20140310181800.0 | ||
| 008 | 130702t xxu||||| |||| 00| 0 eng d | ||
| 050 |
_aGR 325 _b.D377 1991 |
||
| 082 |
_aREF 030 _bEn1 1991 |
||
| 245 |
_aEncyclopedia of Philippine folk beliefs and customs / _ccompiled and edited by Francisco R. Demetrio. |
||
| 260 |
_aCagayan de Oro City : _bXavier University, _cc1991 |
||
| 300 |
_axiii, 634 p. ; _bill. ; _c26 cm. |
||
| 500 | _a[Set vol 1 and 2]. | ||
| 520 | _a1. Encyclopedias and dictionaries | ||
| 521 | _aBasic Ed. Students | ||
| 541 | _j1 | ||
| 942 |
_2lcc _cBK-GR _kREF |
||
| 999 |
_c3592 _d3592 |
||